Normal view MARC view
  • MOBILE COMMUNICATIONS SYSTEMS, DATA TRANSMISSION SYSTEMS, CELLULAR RADIO

Entry Topical Term

Number of records used in: 1

001 - CONTROL NUMBER

  • control field: 68918

003 - CONTROL NUMBER IDENTIFIER

  • control field: NUST

005 - DATE AND TIME OF LATEST TRANSACTION

  • control field: 20210628204136.0

008 - FIXED-LENGTH DATA ELEMENTS

  • fixed length control field: 210628|| aca||aabn | a|a d

040 ## - CATALOGING SOURCE

  • Original cataloging agency: NUST
  • Transcribing agency: NUST

150 ## - HEADING--TOPICAL TERM

  • Topical term or geographic name entry element: MOBILE COMMUNICATIONS SYSTEMS, DATA TRANSMISSION SYSTEMS, CELLULAR RADIO

670 ## - SOURCE DATA FOUND

  • Source citation: Work cat.: (NUST): Varrall, Geoff,Belcher, Roger 68917, Data over radio data and digital processing techniques in mobile and cellular radio, 1992
© 2023 Central Library, National University of Sciences and Technology. All Rights Reserved.